[Event "Cambridge Int Open 2023"]
[Site "Cambridge ENG"]
[Date "2023.02.15"]
[Round "2.9"]
[White "Jermy, Jaden"]
[Black "Roberson, Peter T"]
[Result "0-1"]
[BlackTitle "IM"]
[WhiteElo "1798"]
[BlackElo "2426"]
[WhiteFideId "459496"]
[BlackFideId "412384"]
[EventDate "2023.02.15"]

1. d4 d5 2. Nf3 Nf6 3. Bf4 c5 4. e3 Nc6 5. c3 Qb6 6. Qb3 c4 7. Qc2 Bf5 8. Qc1
Nh5 9. Nbd2 Nxf4 10. exf4 g6 11. Nh4 Bd7 12. g3 Na5 13. Be2 Bh3 14. Nf1 Bxf1 15.
Bxf1 Bg7 16. Bg2 Qd6 17. O-O O-O 18. Re1 b5 19. Qe3 e6 20. g4 Nc6 21. Rad1 Rfe8
22. Qg3 b4 23. f5 e5 24. g5 bxc3 25. bxc3 Rad8 26. f6 Bf8 27. dxe5 Nxe5 28. Bxd5
Qc7 29. Nf3 Rxd5 30. Rxd5 Nxf3+ 31. Qxf3 Rxe1+ 32. Kg2 Qc6 33. h4 Rc1 34. Rf5
Qxf3+ 35. Rxf3 Rc2 36. a4 Ra2 37. Re3 Rxa4 38. Kf3 a5 39. Ke4 Ra2 40. Kd4 Rxf2
41. Re4 a4 42. Kxc4 a3 43. Kd5 Rf5+ 44. Kd4 h6 45. c4 hxg5 46. hxg5 Rxg5 47. Re7
a2 48. Re1 Ra5 0-1

[Event "Cambridge Int Open 2023"]
[Site "Cambridge ENG"]
[Date "2023.02.15"]
[Round "2.10"]
[White "Arkell, Keith C"]
[Black "Hutchinson, Paul A"]
[Result "1-0"]
[WhiteTitle "GM"]
[WhiteElo "2404"]
[BlackElo "2070"]
[WhiteFideId "400270"]
[BlackFideId "411558"]
[EventDate "2023.02.15"]

1. d4 d5 2. Nf3 Nf6 3. c4 c6 4. Qc2 e6 5. Bg5 Nbd7 6. Nbd2 Be7 7. e3 h6 8. Bh4
O-O 9. Bd3 a6 10. O-O Re8 11. cxd5 exd5 12. Rab1 Ne4 13. Bxe4 Bxh4 14. Bh7+ Kh8
15. Nxh4 Qxh4 16. Bf5 Nf6 17. b4 Ne4 18. Bxc8 Raxc8 19. a4 Qe7 20. Nxe4 dxe4 21.
Rfc1 Qd7 22. Qe2 Re6 23. g3 Rd8 24. b5 cxb5 25. axb5 Rc8 26. Rxc8+ Qxc8 27. bxa6
bxa6 28. Qh5 Rf6 29. Qd1 Qf5 30. Qc2 Kh7 31. Rb8 Re6 32. Rc8 Qg4 33. Rc7 Qf3 34.
Qd2 Rd6 35. Rc1 h5 36. Qd1 Qxd1+ 37. Rxd1 Kg6 38. Ra1 f5 39. Ra5 Kf6 40. f3 exf3
41. Kf2 g5 42. Kxf3 Re6 43. h3 g4+ 44. hxg4 hxg4+ 45. Ke2 Rb6 46. Ra2 Ke6 47.
Kd2 Kf6 48. Kc3 Re6 49. Kd3 Ke7 50. Ra3 Rb6 51. Kc4 Kd6 52. Ra5 Rc6+ 53. Kd3 Ke6
54. d5+ 1-0

[Event "Cambridge Int Open 2023"]
[Site "Cambridge ENG"]
[Date "2023.02.15"]
[Round "2.11"]
[White "Nawalaniec, Adam"]
[Black "Gormally, Daniel W"]
[Result "1/2-1/2"]
[BlackTitle "GM"]
[WhiteElo "1753"]
[BlackElo "2448"]
[WhiteFideId "21023786"]
[BlackFideId "406465"]
[EventDate "2023.02.15"]

1. e4 c5 2. Nf3 d6 3. Bb5+ Nd7 4. c4 Nf6 5. Nc3 e6 6. O-O Be7 7. d3 O-O 8. Bxd7
Nxd7 9. Re1 b6 10. Bf4 Bb7 11. Qd2 a6 12. a4 Re8 13. Bg3 Qc7 14. b3 Ne5 15. Bxe5
dxe5 16. Qe3 Bc6 17. Reb1 Red8 18. Ne1 Rd4 19. Ra2 f5 20. f3 h6 21. Ne2 Rd7 22.
Nc3 Bg5 23. Qe2 Qd6 24. Kh1 Qd4 25. Rc2 Rf8 26. Nd1 Bh4 27. g3 Bg5 28. Nf2 Be3
29. Nd1 Bg5 30. Nf2 Rdf7 31. Nh3 Bd8 32. Qf2 fxe4 33. Qxd4 cxd4 34. fxe4 g5 35.
g4 Be7 36. Kg2 Bb4 37. Rf2 Rxf2+ 38. Nxf2 Bd6 39. Nc2 Kf7 40. Ra1 Ke7 41. b4 a5
42. b5 Be8 43. Rf1 Bg6 1/2-1/2

[Event "Cambridge Int Open 2023"]
[Site "Cambridge ENG"]
[Date "2023.02.15"]
[Round "2.12"]
[White "Turner, Matthew J"]
[Black "Pert, Max"]
[Result "1-0"]
[WhiteTitle "GM"]
[WhiteElo "2455"]
[BlackElo "1793"]
[WhiteFideId "402893"]
[BlackFideId "456845"]
[EventDate "2023.02.15"]

1. d4 d5 2. c4 e6 3. Nf3 Nf6 4. g3 Bb4+ 5. Bd2 Be7 6. Bg2 O-O 7. O-O Nbd7 8. Qc2
Ne4 9. Nc3 Nxd2 10. Nxd2 c6 11. e3 f5 12. Rab1 Nf6 13. b4 Qe8 14. b5 Bd7 15.
bxc6 Bxc6 16. cxd5 Nxd5 17. Nxd5 exd5 18. Qb3 Qf7 19. Nf3 Bf6 20. Ne1 Be7 21.
Nd3 Bd6 22. Rfc1 Rad8 23. Rc2 Kh8 24. Rbc1 Qe8 25. Nc5 Bxc5 26. Rxc5 Qf7 27. Ra5
b6 28. Rxa7 Qxa7 29. Rxc6 Qa5 30. Rxb6 Rc8 31. Bf1 Qd2 32. Qxd5 Rc2 33. Qf3 Rxa2
34. Ra6 g6 35. Rxa2 Qxa2 36. Qc6 Qb1 37. h4 Kg7 38. Qc7+ Rf7 39. Qe5+ Rf6 40. d5
Qb6 41. Be2 Qb1+ 42. Bf1 Qb6 43. Kg2 Qb4 44. Bd3 Qc5 45. h5 Kf7 46. Be2 Qe7 47.
Qc3 g5 48. Bd3 Qd7 49. Qe5 Qe7 50. Qd4 g4 51. e4 fxe4 52. Bxe4 Rh6 53. Bf5 Rd6
54. Qxg4 Rxd5 55. Bxh7 Qf6 56. Bg8+ 1-0

[Event "Cambridge Int Open 2023"]
[Site "Cambridge ENG"]
[Date "2023.02.15"]
[Round "2.13"]
[White "Dong, Bao Nghia"]
[Black "Dasgupta, Avyukt"]
[Result "1/2-1/2"]
[WhiteTitle "FM"]
[WhiteElo "2361"]
[BlackElo "1888"]
[WhiteFideId "12400343"]
[BlackFideId "480630"]
[EventDate "2023.02.15"]

1. g3 d5 2. Nf3 Nf6 3. Bg2 Bg4 4. d3 Bxf3 5. Bxf3 c6 6. O-O g6 7. Nd2 Bg7 8. e4
e6 9. exd5 cxd5 10. c4 O-O 11. Nb3 Nc6 12. Bf4 Rc8 13. Re1 b6 14. Rc1 Qd7 15. c5
bxc5 16. Nxc5 Qe7 17. Qa4 e5 18. Bg5 Qd6 19. Bxf6 Bxf6 20. Bg4 Nd4 21. Bxc8 Nf3+
22. Kf1 Nxe1 23. Nd7 Nxd3 24. Rc6 Qb4 25. Nxf6+ Kg7 26. Qxa7 Qe1+ 27. Kg2 d4 28.
Rc2 Rxc8 29. Qe7 Rxc2 30. Ne8+ Kg8 1/2-1/2

[Event "Cambridge Int Open 2023"]
[Site "Cambridge ENG"]
[Date "2023.02.15"]
[Round "2.14"]
[White "Larchikov, Maksym"]
[Black "Ismail, Mohammed Aayan"]
[Result "0-1"]
[WhiteElo "1901"]
[BlackElo "2211"]
[WhiteFideId "34120815"]
[BlackFideId "465135"]
[EventDate "2023.02.15"]

1. d4 Nf6 2. Nf3 e6 3. c4 c5 4. d5 b5 5. dxe6 fxe6 6. cxb5 a6 7. e3 Be7 8. Nc3
d5 9. bxa6 O-O 10. Be2 Bxa6 11. Bxa6 Nxa6 12. O-O Nb4 13. Qe2 Qb6 14. Rd1 c4 15.
Ne1 Nd7 16. b3 cxb3 17. Bb2 bxa2 18. Nc2 Nxc2 19. Qxc2 Bf6 20. Na4 Rxa4 21. Qxa4
Bxb2 22. Rxa2 Nc5 23. Qc2 Be5 24. Rb1 Qd6 25. g3 Ne4 26. Qd3 Qe7 27. Rf1 Nd6 28.
Ra6 Ne4 29. Rc6 Qb7 30. Rc2 Qf7 31. Qe2 Qf5 32. f4 Bc3 33. g4 Qg6 34. Kh1 h6 35.
Rfc1 Rc8 36. Rf1 Qf7 37. Qd3 Qb7 38. Rg2 Qb3 39. Rb1 Qc4 40. Qd1 d4 41. exd4
Bxd4 42. Qf3 Qc1+ 43. Qf1 Qc6 44. Qf3 Nf2+ 45. Rxf2 Bxf2 46. Qxc6 Rxc6 47. Kg2
Bh4 48. Rb2 Bf6 49. Rb7 g5 50. fxg5 hxg5 51. Rb5 Rc4 52. Kg3 Kf7 53. Ra5 Bd8 54.
Ra2 Bc7+ 55. Kh3 e5 56. Re2 Ke6 57. Kg3 e4+ 58. Kg2 Bf4 59. Rb2 Rd4 0-1

[Event "Cambridge Int Open 2023"]
[Site "Cambridge ENG"]
[Date "2023.02.15"]
[Round "2.15"]
[White "Golubovic, Boris"]
[Black "Hutchinson, Norman A"]
[Result "1/2-1/2"]
[WhiteTitle "IM"]
[WhiteElo "2349"]
[BlackElo "1974"]
[WhiteFideId "14502160"]
[BlackFideId "411540"]
[EventDate "2023.02.15"]

1. d4 Nf6 2. Nf3 e6 3. g3 d5 4. Bg2 Nbd7 5. O-O Bd6 6. c4 c6 7. Qc2 dxc4 8. Rd1
Qe7 9. Nfd2 e5 10. Nxc4 O-O 11. Nxd6 Qxd6 12. dxe5 Qxe5 13. Bf4 Qh5 14. h3 Re8
15. Nc3 Nf8 16. g4 Qa5 17. a3 Ne6 18. b4 Qb6 19. Be5 Nd7 20. Na4 Qb5 21. Bd6 Qg5
22. Nc3 h5 23. Qf5 hxg4 24. Qxg5 Nxg5 25. hxg4 Nf6 26. f3 Be6 27. e4 Bb3 28.
Rdb1 Bc4 29. Rd1 Bb3 30. Rdb1 Bc4 1/2-1/2

[Event "Cambridge Int Open 2023"]
[Site "Cambridge ENG"]
[Date "2023.02.15"]
[Round "2.17"]
[White "Bazakutsa, Svyatoslav"]
[Black "Patel, Zain"]
[Result "1-0"]
[WhiteTitle "FM"]
[WhiteElo "2330"]
[BlackElo "1890"]
[WhiteFideId "14198525"]
[BlackFideId "469246"]
[EventDate "2023.02.15"]

1. c4 c6 2. d4 d5 3. cxd5 cxd5 4. Nc3 Nf6 5. Bf4 a6 6. e3 Nc6 7. Bd3 Bg4 8. Nge2
e6 9. O-O Be7 10. h3 Bh5 11. Rc1 O-O 12. Na4 Nd7 13. a3 Bg6 14. b4 Bxd3 15. Qxd3
Rc8 16. Rc2 Nb6 17. Nc5 Bxc5 18. dxc5 Nd7 19. Bd6 Re8 20. e4 dxe4 21. Qxe4 Nf6
22. Qc4 Nd5 23. Ng3 Na7 24. Qg4 f5 25. Qf3 Nb5 26. Be5 Qg5 27. Nh5 g6 28. Ng7 f4
29. Nxe8 Qxe5 30. Re2 Qg5 31. h4 Qd8 32. Rxe6 Nd4 33. Qg4 Nxe6 34. Qxe6+ Kf8 35.
Nd6 1-0

[Event "Cambridge Int Open 2023"]
[Site "Cambridge ENG"]
[Date "2023.02.15"]
[Round "2.18"]
[White "Weersing, Abigail Riis"]
[Black "Wall, Tim P"]
[Result "1-0"]
[BlackTitle "FM"]
[WhiteElo "1827"]
[BlackElo "2239"]
[WhiteFideId "460036"]
[BlackFideId "401641"]
[EventDate "2023.02.15"]

1. d4 g6 2. Nf3 Bg7 3. c4 d6 4. g3 f5 5. Bg2 Nf6 6. O-O O-O 7. Nc3 c6 8. Re1 Ne4
9. Qc2 Nxc3 10. Qxc3 e5 11. dxe5 dxe5 12. e4 f4 13. b3 Qe7 14. Bb2 Bg4 15. h3
Bxf3 16. Qxf3 Na6 17. Rad1 Nc7 18. Rd2 Ne6 19. Red1 fxg3 20. Qxg3 Nf4 21. Qg4 h5
22. Qg3 Rad8 23. Kh2 Kh7 24. Ba3 Rxd2 25. Bxe7 Rxd1 26. Bxf8 Bxf8 27. Qc3 Bc5
28. Qxe5 Bd6 29. Qf6 Rd2 30. e5 Rxf2 31. exd6 1-0

[Event "Cambridge Int Open 2023"]
[Site "Cambridge ENG"]
[Date "2023.02.15"]
[Round "2.19"]
[White "Villiers, Thomas"]
[Black "Banerjee, Supratit"]
[Result "1/2-1/2"]
[WhiteTitle "CM"]
[WhiteElo "2186"]
[BlackElo "1740"]
[WhiteFideId "427209"]
[BlackFideId "2410079"]
[EventDate "2023.02.15"]

1. Nf3 d5 2. d4 e6 3. Bg5 Be7 4. Bxe7 Nxe7 5. Nbd2 b6 6. g3 Bb7 7. Bg2 Nd7 8.
O-O O-O 9. c4 c5 10. Qc2 Rc8 11. Rac1 Nf5 12. dxc5 Nxc5 13. Rfd1 Qe7 14. cxd5
Ba6 15. Nc4 Bxc4 16. Qxc4 exd5 17. Qxd5 g6 18. Ne5 Rce8 19. Ng4 h5 20. e4 Rd8
21. Qc6 Nd4 22. Nf6+ Kg7 23. Rxd4 Rxd4 24. Nd5 Qe6 25. Qc7 Nxe4 26. Nf4 Qd6 27.
Bxe4 Qxc7 28. Rxc7 Rxe4 29. Rxa7 Rc8 30. Rb7 Re1+ 31. Kg2 Ra1 32. a3 Rc2 33.
Rxb6 Ra2 34. Nd3 g5 35. Rb7 g4 36. Rb5 Rd2 37. Nf4 Rdxb2 38. Nxh5+ Kg6 39. Nf4+
Kf6 40. Nd5+ Ke6 41. Nf4+ Kd6 42. Rxb2 Rxb2 43. a4 Ra2 44. h3 gxh3+ 45. Nxh3
Rxa4 46. Kf3 f5 47. Ng1 Ke5 48. Ne2 Ra3+ 49. Kg2 Ra4 50. Kf3 Ra3+ 51. Kg2 Ke4
52. Ng1 Rb3 53. Ne2 Rb2 54. Ng1 Rb3 55. Ne2 Ra3 56. Ng1 Ra1 57. Ne2 Ra3 1/2-1/2

[Event "Cambridge Int Open 2023"]
[Site "Cambridge ENG"]
[Date "2023.02.15"]
[Round "2.20"]
[White "Brocklehurst, Andrew"]
[Black "Saunders, Aron"]
[Result "0-1"]
[WhiteElo "1816"]
[BlackElo "2109"]
[WhiteFideId "424765"]
[BlackFideId "469343"]
[EventDate "2023.02.15"]

1. e4 c6 2. d4 d5 3. e5 Bf5 4. Ne2 e6 5. Ng3 Bg6 6. Bd3 c5 7. c3 Nc6 8. O-O cxd4
9. cxd4 Nge7 10. Nc3 Nc8 11. Be3 Be7 12. f4 Bxd3 13. Qxd3 f5 14. Nxf5 exf5 15.
Qxf5 Nb6 16. b3 g6 17. Qg4 Qc8 18. Qf3 Qd7 19. a4 a5 20. g4 h5 21. h3 hxg4 22.
hxg4 O-O-O 23. f5 gxf5 24. gxf5 Rdg8+ 25. Kf2 Rh2+ 26. Ke1 Nb4 27. Kd1 Nc2 28.
Rc1 Nxe3+ 29. Qxe3 Kb8 30. f6 Rh3 31. Qe2 Bb4 32. e6 Qh7 33. f7 Rc8 34. Rf3 Rh1+
35. Rf1 Rxf1+ 36. Qxf1 Qh5+ 37. Ne2 Bf8 38. Qf4+ Ka7 39. Rxc8 Nxc8 40. Qc7 Qh1+
41. Kc2 Qe4+ 42. Kd1 Qxe6 43. Qxa5+ Kb8 44. Qd8 Qxf7 45. Qa5 Bh6 46. Nc3 Qf1+
47. Kc2 Qc1+ 0-1

[Event "Cambridge Int Open 2023"]
[Site "Cambridge ENG"]
[Date "2023.02.15"]
[Round "2.21"]
[White "Anand, Batsukh"]
[Black "Britnell, Jonathan"]
[Result "1-0"]
[WhiteTitle "FM"]
[WhiteElo "2197"]
[BlackElo "1708"]
[WhiteFideId "4903510"]
[BlackFideId "445932"]
[EventDate "2023.02.15"]

1. d4 f5 2. c4 e6 3. Nc3 Nf6 4. g3 d5 5. Bg2 c6 6. Nf3 Bd6 7. O-O O-O 8. b3 Ne4
9. Qc2 Nd7 10. Ne1 Qe7 11. Nd3 dxc4 12. bxc4 Nxc3 13. Qxc3 e5 14. c5 Bc7 15. d5
cxd5 16. Bxd5+ Kh8 17. Ba3 Nf6 18. Bxb7 Rb8 19. c6 Bd6 20. Bxd6 Qxd6 21. Rab1 e4
22. Qc5 Ne8 23. Qxd6 Nxd6 24. Nc5 Bxb7 25. Nd7 Bxc6 26. Rxb8 Rxb8 27. Nxb8 Bb5
28. Rd1 1-0

[Event "Cambridge Int Open 2023"]
[Site "Cambridge ENG"]
[Date "2023.02.15"]
[Round "2.22"]
[White "Kemp, Paul R"]
[Black "Bonn, Thomas"]
[Result "1/2-1/2"]
[WhiteElo "1984"]
[BlackElo "2189"]
[WhiteFideId "415251"]
[BlackFideId "638242"]
[EventDate "2023.02.15"]

1. e4 c5 2. c3 d5 3. exd5 Qxd5 4. d4 Nc6 5. Nf3 Bf5 6. Be2 cxd4 7. cxd4 Bxb1 8.
Rxb1 e6 9. a3 Nf6 10. O-O Bd6 11. h3 O-O 12. Be3 Rfd8 13. Qa4 a6 14. Rfd1 Qf5
15. g4 Qd5 16. Ng5 Bc7 17. Bf3 Qd6 18. Bg2 h6 19. Nf3 Nd5 20. Qc2 Nf4 21. Bf1
Qd5 22. Ne1 Rac8 23. Rbc1 Bb8 24. Qc5 Qe4 25. Qc2 Qd5 26. Qc5 Qd7 27. Nf3 Ne7
28. Qa5 Ned5 29. Qd2 f6 30. Ne1 h5 31. Nd3 Nxd3 32. Qxd3 Qd6 33. Bg2 Qd7 34. Bf1 1/2-1/2

[Event "Cambridge Int Open 2023"]
[Site "Cambridge ENG"]
[Date "2023.02.15"]
[Round "2.24"]
[White "Murawski, Jan"]
[Black "Bradbury, Neil H"]
[Result "1/2-1/2"]
[BlackTitle "IM"]
[WhiteElo "1708"]
[BlackElo "2200"]
[WhiteFideId "21009287"]
[BlackFideId "400513"]
[EventDate "2023.02.15"]

1. d4 Nf6 2. c4 e6 3. Nc3 Bb4 4. g3 O-O 5. Bg2 d5 6. Qb3 c5 7. dxc5 Nc6 8. cxd5
exd5 9. Bd2 Nd4 10. Qd1 Bf5 11. Rc1 Re8 12. a3 Bxc5 13. Nxd5 Ne4 14. Ne3 Nxf2
15. Kxf2 Nc2 16. Rxc2 Bxe3+ 17. Ke1 Bxc2 18. Qxc2 Bxd2+ 19. Qxd2 Qb6 20. Qb4 Qe3
21. Qf4 Qc5 22. b4 Qc3+ 23. Kf2 Rad8 24. Bxb7 Rd4 25. Qf3 Qc7 26. Nh3 Rd6 27.
Nf4 Qb6+ 28. Kg2 Re3 29. Nd5 Rxd5 30. Bxd5 Rxf3 31. Bxf3 g6 32. Rd1 Qe3 33. Rd3
Qb6 34. Rd7 Qe3 35. Rd8+ Kg7 36. Rd3 Qe6 37. Rd5 Qa6 38. Ra5 Qb6 39. Re5 h5 40.
Re4 Qa6 41. Re3 1/2-1/2

[Event "Cambridge Int Open 2023"]
[Site "Cambridge ENG"]
[Date "2023.02.15"]
[Round "2.25"]
[White "Southcott-Moyers, Indy"]
[Black "Zhu, Pengxiao"]
[Result "1-0"]
[WhiteElo "2077"]
[BlackElo "1437"]
[WhiteFideId "488542"]
[BlackFideId "499307"]
[EventDate "2023.02.15"]

1. d4 d5 2. c4 c6 3. Nf3 Nf6 4. e3 e6 5. b3 Nbd7 6. Bd3 Bd6 7. Bb2 O-O 8. O-O
Re8 9. Ne5 Qc7 10. f4 c5 11. Nc3 a6 12. Rc1 b6 13. cxd5 Nxd5 14. Nxd5 exd5 15.
Bxh7+ Kf8 16. dxc5 Bxc5 17. Bd4 Qd6 18. Qh5 Nxe5 19. fxe5 Qc7 20. b4 Be6 21.
bxc5 b5 22. c6 1-0

[Event "Cambridge Int Open 2023"]
[Site "Cambridge ENG"]
[Date "2023.02.15"]
[Round "2.26"]
[White "Gibbs, Dominic V"]
[Black "Payne, Matthew J"]
[Result "0-1"]
[WhiteElo "1863"]
[BlackElo "2104"]
[WhiteFideId "412090"]
[BlackFideId "417084"]
[EventDate "2023.02.15"]

1. e4 e6 2. Nf3 d5 3. Nc3 Nf6 4. e5 Nfd7 5. d4 c5 6. Bf4 Nc6 7. dxc5 Bxc5 8. Bd3
h6 9. Qe2 Qe7 10. O-O O-O 11. a3 f6 12. exf6 Nxf6 13. Ne5 Nxe5 14. Bxe5 Bd7 15.
Nb5 Bxb5 16. Bxb5 Ne4 17. Bg3 Qg5 18. b4 Bb6 19. c4 Rf6 20. c5 Nxg3 21. hxg3 Bc7
22. Bd7 Kf7 23. Rfe1 Qg6 24. Rad1 Kf8 25. Rd3 Rd8 26. Ba4 b6 27. Rf3 e5 28.
Rxf6+ Qxf6 29. cxb6 Bxb6 30. Qf3 e4 31. Qxf6+ gxf6 32. Bb3 Ke7 33. Kf1 f5 34.
Ke2 d4 35. Rh1 d3+ 36. Ke1 Rc8 37. Rxh6 Rc3 38. Bd1 Rxa3 39. g4 f4 40. Rh3 e3
41. fxe3 fxe3 42. Rh7+ Kd6 43. Rh6+ Ke5 44. Rh5+ Kd4 45. g5 Ra1 46. Rh8 e2 0-1

[Event "Cambridge Int Open 2023"]
[Site "Cambridge ENG"]
[Date "2023.02.15"]
[Round "2.27"]
[White "Sellen, John"]
[Black "Murphy, Hugh W"]
[Result "0-1"]
[WhiteElo "1547"]
[BlackElo "2111"]
[WhiteFideId "432300"]
[BlackFideId "422444"]
[EventDate "2023.02.15"]

1. f4 d5 2. Nf3 g6 3. e3 Bg7 4. d4 Nh6 5. Bd3 Bf5 6. Qe2 O-O 7. O-O Nd7 8. c3 c5
9. Nbd2 Bxd3 10. Qxd3 Qc7 11. Ne5 Nf6 12. Qe2 Nf5 13. Ndf3 Nd6 14. Nd2 Rac8 15.
Qe1 Nfe4 16. Nxe4 Nxe4 17. Bd2 f6 18. Nf3 Qb6 19. Rb1 Qa6 20. a3 Qd3 21. Rd1 Qc2
22. Bc1 e6 23. Nd2 Nd6 24. Rf2 Qa4 25. Kh1 Qc6 26. Re2 f5 27. Nf3 Bf6 28. Ne5
Bxe5 29. fxe5 Ne4 30. Qh4 Qb5 31. Qe1 Rf7 32. Kg1 Qb3 33. g3 b5 34. Kg2 a5 35.
Kg1 Rfc7 36. g4 fxg4 37. Rg2 h5 38. Re2 Rf8 0-1

[Event "Cambridge Int Open 2023"]
[Site "Cambridge ENG"]
[Date "2023.02.15"]
[Round "2.29"]
[White "Moni, Claudio"]
[Black "Crocker, Philip J"]
[Result "0-1"]
[WhiteElo "1562"]
[BlackElo "2128"]
[WhiteFideId "487465"]
[BlackFideId "403180"]
[EventDate "2023.02.15"]

1. Nf3 d5 2. g3 Nf6 3. Bg2 Bf5 4. O-O Nbd7 5. d3 h6 6. c4 e6 7. Nc3 Be7 8. Nd4
Bg6 9. cxd5 exd5 10. Bf4 c6 11. a3 a5 12. Nc2 O-O 13. b4 Re8 14. b5 Bf8 15. bxc6
bxc6 16. Re1 Ne5 17. Nd4 Qb6 18. Qa4 Rac8 19. Rab1 Qc5 20. Rec1 Qxa3 21. Bxe5
Qxa4 22. Nxa4 Rxe5 23. Nxc6 Rxe2 24. Ne7+ Bxe7 25. Rxc8+ Kh7 26. Nc3 Rc2 27.
Nxd5 Rxc8 28. Nxe7 Bxd3 29. Rd1 Rc3 30. Nd5 Nxd5 31. Rxd3 Rxd3 32. Be4+ Kg8 33.
Bxd3 a4 34. Kf1 a3 35. Bc4 Nc3 0-1

[Event "Cambridge Int Open 2023"]
[Site "Cambridge ENG"]
[Date "2023.02.15"]
[Round "2.30"]
[White "Senior, Gary"]
[Black "Adams, Henry"]
[Result "0-1"]
[WhiteElo "2086"]
[BlackElo "1738"]
[WhiteFideId "470937"]
[BlackFideId "464562"]
[EventDate "2023.02.15"]

1. e4 c5 2. Nf3 d6 3. Bb5+ Nd7 4. d4 cxd4 5. Qxd4 Nf6 6. Bg5 e6 7. O-O Be7 8. c4
O-O 9. Bxd7 Bxd7 10. Nc3 Bc6 11. Rfd1 a6 12. a4 Qc7 13. Bh4 Rfd8 14. Bg3 Rac8
15. c5 dxc5 16. Bxc7 Rxd4 17. Nxd4 cxd4 18. Rxd4 Rxc7 19. Rc4 a5 20. Rd1 Kf8 21.
f4 Rd7 22. Rxd7 Nxd7 23. Kf2 Nb6 0-1

[Event "Cambridge Int Open 2023"]
[Site "Cambridge ENG"]
[Date "2023.02.15"]
[Round "2.33"]
[White "Gardiner, Eric D"]
[Black "Li, Evan"]
[Result "1-0"]
[WhiteElo "1883"]
[BlackElo "1394"]
[WhiteFideId "435880"]
[BlackFideId "486884"]
[EventDate "2023.02.15"]

1. e4 c5 2. c3 d6 3. d4 cxd4 4. cxd4 Nf6 5. Nc3 g6 6. Nf3 Nc6 7. d5 Nb8 8. Bb5+
Bd7 9. Bd3 Bg7 10. O-O O-O 11. Be3 Bg4 12. h3 Bxf3 13. Qxf3 Nbd7 14. Qe2 e6 15.
dxe6 fxe6 16. Bc4 Qe7 17. Rad1 Rac8 18. Bg5 Ne5 19. Bb3 Nc6 20. Rd2 Na5 21. Rfd1
Nxb3 22. axb3 Rfd8 23. Nb5 Rc6 24. e5 1-0

[Event "Cambridge Int Open 2023"]
[Site "Cambridge ENG"]
[Date "2023.02.15"]
[Round "2.34"]
[White "Walker, Martin G"]
[Black "Warner, Nicholas"]
[Result "1-0"]
[WhiteTitle "FM"]
[WhiteElo "2133"]
[BlackElo "1735"]
[WhiteFideId "410969"]
[BlackFideId "343414400"]
[EventDate "2023.02.15"]

1. e4 c6 2. d4 d5 3. exd5 cxd5 4. c4 Nf6 5. Nc3 e6 6. Nf3 Be7 7. c5 a6 8. b4 b6
9. Ne5 Nfd7 10. Nxd7 Bxd7 11. a3 Bc6 12. cxb6 Qxb6 13. Be3 O-O 14. Be2 Nd7 15.
O-O Rfc8 16. Qb3 Bb5 17. Nxb5 axb5 18. a4 bxa4 19. Rxa4 Qb7 20. Rfa1 Rxa4 21.
Qxa4 Rc7 22. Bf4 e5 23. dxe5 g5 24. Bg3 Qxb4 25. Qxb4 Bxb4 26. e6 Rb7 27. exd7
Rxd7 28. Be5 1-0

[Event "Cambridge Int Open 2023"]
[Site "Cambridge ENG"]
[Date "2023.02.15"]
[Round "2.35"]
[White "Fava, Lorenzo"]
[Black "Hariharan, Shambavi"]
[Result "1-0"]
[WhiteElo "2089"]
[BlackElo "1491"]
[WhiteFideId "2837434"]
[BlackFideId "488160"]
[EventDate "2023.02.15"]

1. d4 d5 2. Bf4 Nf6 3. Nf3 e6 4. e3 c5 5. c3 Nc6 6. Bd3 Bd6 7. Bg3 O-O 8. Nbd2
b6 9. Ne5 Bb7 10. f4 Rc8 11. Bh4 Be7 12. Bxf6 Bxf6 13. Qh5 g6 14. Qg4 Bg7 15. h4
cxd4 16. exd4 f5 17. Nxc6 Bxc6 18. Qg3 Qf6 19. Nf3 h5 20. Ne5 Kh7 21. O-O Be8
22. Rfe1 Qe7 23. Nf3 Bf6 24. Re3 Bf7 25. Rae1 Qd6 26. R1e2 Rc7 27. Kh2 Rb8 28.
a4 Ra8 29. Ne1 Qd8 30. Kh3 a6 31. Bc2 Rac8 32. Qf2 Qd6 33. Nd3 Qd7 34. a5 b5 35.
Nc5 Rxc5 36. dxc5 Qc6 37. b4 Qd7 38. g3 Qc6 39. Kh2 Qd7 40. Qe1 Re8 41. Qd1 Rd8
42. Kg1 Qc6 43. Bb3 Kg7 44. Qd2 Rd7 45. Qe1 Re7 46. Qd1 Rd7 47. Rd2 Rd8 48. Kh2
Rd7 49. c4 Rd8 50. cxd5 exd5 51. Qf3 Qa8 52. Red3 d4 53. Qxa8 Rxa8 54. Bxf7 Kxf7
55. Rxd4 Bxd4 56. Rxd4 Re8 57. Rd7+ Kg8 58. Rd6 Re2+ 59. Kg1 Rb2 60. Rd7 Rc2 61.
Ra7 Rc4 62. Rxa6 Rxb4 63. Ra7 Rc4 64. Rb7 Rxc5 65. a6 Rc1+ 66. Kg2 Ra1 67. a7
Ra2+ 68. Kh3 1-0

[Event "Cambridge Int Open 2023"]
[Site "Cambridge ENG"]
[Date "2023.02.15"]
[Round "2.36"]
[White "Smart, Michael R"]
[Black "Lazarevic, Ljubica"]
[Result "1-0"]
[WhiteElo "1957"]
[BlackElo "1495"]
[WhiteFideId "411370"]
[BlackFideId "418765"]
[EventDate "2023.02.15"]

1. e4 e5 2. d4 exd4 3. c3 d5 4. exd5 Qxd5 5. cxd4 Nc6 6. Nf3 Bg4 7. Be2 Bb4+ 8.
Nc3 Bxf3 9. Bxf3 Qc4 10. Bxc6+ bxc6 11. Qe2+ Qxe2+ 12. Kxe2 O-O-O 13. Be3 Ne7
14. Rac1 Rhe8 15. Rhd1 Nf5 16. Kf3 Nh4+ 17. Kg3 Nf5+ 18. Kf4 Nxe3 19. fxe3 Re6
20. Kf3 Rde8 21. Rd3 Rf6+ 22. Ke2 Bd6 23. e4 Bxh2 24. Rh3 Bf4 25. Rf1 h6 26.
Rhf3 Bg5 27. Rxf6 Bxf6 28. e5 Re7 29. Kd3 Bh4 30. Ne4 f6 31. Rf3 fxe5 32. Rf8+
Kb7 33. Nc5+ Kb6 34. Rb8+ 1-0

[Event "Cambridge Int Open 2023"]
[Site "Cambridge ENG"]
[Date "2023.02.15"]
[Round "2.37"]
[White "Keerthi Kumar, Advait"]
[Black "Liu, Tianyi (Jack)"]
[Result "0-1"]
[WhiteElo "1483"]
[BlackElo "1865"]
[WhiteFideId "498033"]
[BlackFideId "8627894"]
[EventDate "2023.02.15"]

1. e4 c5 2. Nf3 e6 3. d4 cxd4 4. Nxd4 Nc6 5. c4 Nf6 6. f3 Qc7 7. Nc3 a6 8. Be3
Bb4 9. Qd2 d5 10. exd5 exd5 11. a3 Bxc3 12. Qxc3 O-O 13. O-O-O Be6 14. Nxe6 fxe6
15. Kb1 Rac8 16. Be2 Na5 17. Bg5 dxc4 18. Bxf6 Rxf6 19. g4 b5 20. h4 Nb3 21. g5
Rf5 22. Rhg1 Nc5 23. h5 Qe5 24. Qc2 Rxg5 25. h6 Qe3 26. Rxg5 Qxg5 27. hxg7 Qg6
28. Qxg6 hxg6 29. Kc2 Kxg7 30. Rd6 Kf6 31. Bf1 Ke5 32. Rb6 Rc7 33. Bh3 Rh7 34.
Bg4 Rh2+ 35. Kb1 g5 36. Rc6 Kd5 37. Rb6 Nb3 38. Bxe6+ Kc5 39. Bxc4 bxc4 0-1